| 000 | 00615cam a2200193 a 4500 | ||
|---|---|---|---|
| 001 | 000002755 | ||
| 005 | 20200929150242.0 | ||
| 008 | 940111s1991 ag 001 p spa | ||
| 040 |
_aDO-SdBNP _cDLC |
||
| 082 |
_aA861.6 _bS774l |
||
| 100 | 1 |
_aSquirru, Rafael F. _d1925- _98680 |
|
| 245 | 1 | 0 |
_aLeopoldo Marechal / _cRafael F. Squirru. |
| 260 |
_aBuenos Aires : _bEdiciones Culturales Argentinas, _c1991. |
||
| 300 |
_a102 p. ; _c23 cm. |
||
| 650 | 4 |
_aPoesía argentina _93859 |
|
| 650 | 4 |
_aLiteratura argentina _93860 |
|
| 600 | 1 | 4 |
_aMARECHAL, LEOPOLDO _d1900-1970 _xPOESÍA _98681 |
| 910 | _aCatalogación por copia / LC | ||
| 999 |
_c2589 _d2589 |
||